Duruzsló ősszel

Bibliographic Details
Main Author: Páskándi, Géza, 1933-1995 (Author)
Other Authors: Müller, Kati (Illustrator)
Format: Article
Language:Hungarian
Subjects:

MARC

LEADER 00000nab a2200000 a 4500
001 vtls000574858
003 SK-MaSNL
005 20260303013122.0
008 160202c1996 xo 0 hun
015 |a SNBRB19rr/mm-uuuuu 
035 |a CL0574996 
040 |a SNKBUCL  |b slo  |c SNKBUCL  |e AACR2 
041 0 |a hun 
044 |a xo  |c SK 
080 |a 894.511-1(087.5)=945.11  |2 1981 
100 1 |a Páskándi, Géza,  |d 1933-1995  |4 aut  |9 890575 
245 1 0 |a Duruzsló ősszel  |c Géza Páskándi ; Illusztr. Kati Müller 
650 0 7 |a naratívne básne  |2 snkbucl  |9 56217 
655 7 |a články z novín a časopisov  |2 snkbucl  |9 267496 
655 7 |a články z odboru literárna veda a krásna literatúra  |2 snkbucl  |9 770045 
700 1 |a Müller, Kati  |4 ill  |9 990138 
773 0 |t Tücsök  |g Roč. 6, č. 2 (1995/1996), s. 20 
850 |a Slovenská národná knižnica v Martine  |a DSG001 
852 |a SNK  |b KIS3GCP 
958 |a RK 
958 |a HU 
958 |a LX 
992 |a RBX 
999 |c 1600828  |d 1602758